Проектная мощность угольной шахты: Диссертация на соискание ученой степени доктора технических наук

Xehetasun bibliografikoak
Egile nagusia: Капустин Н. Г. Николай Георгиевич
Erakunde egilea: Томский политехнический институт (ТПИ)
Hizkuntza:errusiera
Argitaratua: Томск, 1958
Gaiak:
Formatua: MixedMaterials Liburua
KOHA link:https://koha.lib.tpu.ru/cgi-bin/koha/opac-detail.pl?biblionumber=145605

MARC

LEADER 00000nbm0a2200000 4500
001 145605
005 20231031144137.0
035 |a (RuTPU)RU\TPU\book\157835 
090 |a 145605 
100 |a 20081020d1958 k y0rusy50 ca 
101 0 |a rus 
102 |a RU 
105 |a a m 001zy 
200 1 |a Проектная мощность угольной шахты  |e Диссертация на соискание ученой степени доктора технических наук  |f Н. Г. Капустин  |g Томский политехнический институт (ТПИ) 
210 |a Томск  |d 1958 
215 |a 311 л.  |c ил. 
320 |a Библиогр.: с. 294-311 (217 назв.) 
610 1 |a докторские диссертации 
610 1 |a угольные шахты 
610 1 |a проектная мощность 
610 1 |a горные отводы 
610 1 |a экономические показатели 
610 1 |a критерии 
610 1 |a целесообразность 
675 |a 622.25(04)  |v 3 
700 1 |a Капустин  |b Н. Г.  |g Николай Георгиевич 
712 0 2 |a Томский политехнический институт (ТПИ)  |c (1944-1991)  |2 stltpush  |3 (RuTPU)RU\TPU\col\1123 
801 1 |a RU  |b 63413507  |c 20081020  |g PSBO 
942 |c BK